Javascript & Dhtml cookbook
Zapisane w:
| 1. autor: | |
|---|---|
| Format: | Książka |
| Etykiety: |
Dodaj etykietę
Nie ma etykietki, Dołącz pierwszą etykiete!
|
| Thư viện lưu trữ: | Trung tâm Học liệu Lê Vũ Hùng, Trường Đại học Đồng Tháp |
|---|
| LEADER | 00538pam a22001938a 4500 | ||
|---|---|---|---|
| 001 | 00039680 | ||
| 005 | 20171026081025.0 | ||
| 008 | 170520s ||||||Viesd | ||
| 041 | 0 | # | |a Vie |
| 082 | 1 | 4 | |a 005.1 |b T100A |
| 100 | 1 | # | |a Javascript & Dhtml cookbook |
| 245 | 1 | 0 | |a Javascript & Dhtml cookbook |c Danny goodman |
| 300 | # | # | |a 574tr. |c 27 cm |
| 852 | # | # | |b Kho đọc |j KD.0020286 |
| 852 | # | # | |j KD.0020286 |
| 910 | |d 20/05/2017 | ||
| 980 | # | # | |a Trung tâm Học liệu Lê Vũ Hùng, Trường Đại học Đồng Tháp |